| 000 | 00440nam a2200133 a 4500 | ||
|---|---|---|---|
| 040 | _cDLC | ||
| 082 | 0 | 0 | _a317 INF 1984 C151 Or. |
| 245 | 0 | 0 |
_a199 American cities compared : _bbasic data profiles for the nation's largest cities / |
| 260 |
_aBurlington, Vt. (Box 1536, Burlington 05402) : _bInformation Publications, _cc1984. |
||
| 300 |
_axi, 216 p. ; _c23 cm. |
||
| 650 | 0 | _aCities and towns | |
| 700 | 1 | _aGarwood, Alfred N. | |
| 942 | _cAEDBB | ||
| 999 |
_c18691 _d18691 |
||